Statystyki dla Najbardziej popularne słowa młodzieżowe 2024

Kliknij tutaj aby rozwiązać quiz!

Ogólne statystyki

  • Ten quiz został rozwiązany 57 razy
  • Średni wynik to 4 z 16

Statystyki odpowiedzi

Słowa młodzieżowe% Poprawnych
Sigma
56%
Essa
54%
Rel
51%
XD
51%
Lol
41%
Bambik
29%
Cringe
20%
Git
20%
IMO
20%
Slay
7%
NPC
5%
Odklejka
5%
Sztos
5%
Crush
0%
Drillowiec
0%
Side-eye
0%

Rozkład punktacji

Percentyl według liczby udzielonych odpowiedzi

Procent ludzi z każdym wynikiem

Twoja historia wyników

Nie rozwiązałeś tego quizu